Fluid Mechanics (Record no. 5590)

MARC details
000 -LEADER
fixed length control field 00343nam a2200133Ia 4500
008 - FIXED-LENGTH DATA ELEMENTS--GENERAL INFORMATION
fixed length control field 150201s2013 xx 000 0 und d
082 ## - DEWEY DECIMAL CLASSIFICATION NUMBER
Classification number 620.106
Item number WHI
100 ## - MAIN ENTRY--PERSONAL NAME
Personal name White,Frank M
245 ## - TITLE STATEMENT
Title Fluid Mechanics
250 ## - EDITION STATEMENT
Edition statement 7th Ed.
260 ## - PUBLICATION, DISTRIBUTION, ETC. (IMPRINT)
Name of publisher, distributor, etc. Tata McGraw Hill Education Private Limited
Place of publication, distribution, etc. New Delhi
Date of publication, distribution, etc. 2013
300 ## - PHYSICAL DESCRIPTION
Extent 878p.
942 ## - ADDED ENTRY ELEMENTS (KOHA)
Source of classification or shelving scheme Dewey Decimal Classification
Koha item type Books
Holdings
Withdrawn status Lost status Source of classification or shelving scheme Damaged status Use restrictions Not for loan Home library Current library Shelving location Date acquired SGTU Full call number Barcode Date last seen Bill Date Koha item type Total Checkouts Total Renewals Date last checked out
    Dewey Decimal Classification   Restricted Access Not For Loan SGT Engineering Library SGT Engineering Library Reference Book 31/05/2013 SGTU 620.106 WHI FE6024 09/02/2015 09/02/2015 Books      
    Dewey Decimal Classification       SGT Engineering Library SGT Engineering Library   31/05/2013 SGTU 620.106 WHI FE6025 31/05/2019 09/02/2015 Books 19 1 02/05/2019